ARRUPE JESUIT UNIVERSITY

CORONAVIRUS -STOP THE SPREAD - CLEAN,DISINFECT,COVER

Etoile: (Record no. 123755)

MARC details
000 -LEADER
fixed length control field 00358nam a22001217a 4500
008 - FIXED-LENGTH DATA ELEMENTS--GENERAL INFORMATION
fixed length control field 151105b xxu||||| |||| 00| 0 eng d
050 ## - LIBRARY OF CONGRESS CALL NUMBER
Classification number PQ2623.A6533 E3
100 ## - MAIN ENTRY--PERSONAL NAME
Personal name Guy de Larigaudie
9 (RLIN) 20987
245 ## - TITLE STATEMENT
Title Etoile:
Remainder of title au grand large
Statement of responsibility, etc /by Guy de Larigaudie
260 ## - PUBLICATION, DISTRIBUTION, ETC. (IMPRINT)
Place of publication, distribution, etc Paris
Name of publisher, distributor, etc Aux editions du seuil
Date of publication, distribution, etc 1966
300 ## - PHYSICAL DESCRIPTION
Extent 69p. ;
Dimensions 19cm.
942 ## - ADDED ENTRY ELEMENTS (KOHA)
Source of classification or shelving scheme Library of Congress Classification
Item type Monograph ( Printed materials)
Holdings
Withdrawn status Lost status Source of classification or shelving scheme Damaged status Not for loan Collection code Home library Current library Shelving location Date acquired Total Checkouts Full call number Barcode Date last seen Price effective from Koha item type
    Library of Congress Classification     Main Collection ARRUPE LIBRARY ARRUPE LIBRARY Main Collection 05/11/2015   PQ2623.A6533 E3 46500005609 26/03/2019 05/11/2015 Monograph ( Printed materials)

 

Arrupe Library. PO Box MP320 Mt Pleasant, Harare, Zimbabwe
263 242 745411|librarian@aju.ac.zw